LEADER 01061nam2-2200361---450 001 990003372810203316 005 20231213095648.0 010 $a978-0-12-374969-7 035 $a000337281 035 $aUSA01000337281 035 $a(ALEPH)000337281USA01 035 $a000337281 100 $a20100222h2009----km-y0itay50------ba 101 $aeng 102 $aNE 105 $aa---||||001yy 200 1 $aLiposomes, Part F$fedited by Nejat Düzgüne? 210 $aAmsterdam [etc.]$cElsevier$d2009 215 $aXLV, 369 p., [7] carte di tav.$cill.$d23 cm 225 2 $aMethods in enzymology$v464 410 0$1001990002876030203316$12001$aMethods in enzymology$v464 606 0 $aLiposomi 676 $a572.7 702 1$aDÜZGÜNE?,$bNejat 801 0$aIT$bsalbc$gISBD 912 $a990003372810203316 951 $a572.7 MET/464$b5333 Farm.$c572$d00256101 959 $aBK 969 $aFAR 979 $aCHIARA$b90$c20100222$lUSA01$h0958 979 $aCHIARA$b90$c20100222$lUSA01$h1014 996 $aLiposomes, Part F$91123287 997 $aUNISA